| 000 | 00407nam a22001337a 4500 | ||
|---|---|---|---|
| 005 | 20250403160850.0 | ||
| 008 | 250322b |||||||| |||| 00| 0 eng d | ||
| 022 | _a2348-7704 | ||
| 245 | _aJOURNAL OF HOSPITAL PHARMACY: The official publication of health education bureau | ||
| 260 |
_aRAJASTHAN _bBUREAU FOR HEALTH & EDUCATION STATUS UPLIFTMENT _c2025 |
||
| 300 | _a39; P | ||
| 650 | _aPHARMACY | ||
| 942 | _cJRL | ||
| 999 |
_c8729 _d8727 |
||